| 000 | 00412nam a2200181Ia 4500 | ||
|---|---|---|---|
| 001 | 3129 | ||
| 005 | 20260306144858.0 | ||
| 008 | 260306t1991||||xx |||||||||||||| ||spa|| | ||
| 041 | _aESP | ||
| 082 |
_a261 _bA78 |
||
| 100 |
_aArzobispado de Lima _eAUT |
||
| 245 | 0 | _aLa iglesia ante el desafĂo de lo social | |
| 260 | _c1991 | ||
| 300 |
_a _c |
||
| 650 | _aGEN | ||
| 654 | _aCHU | ||
| 942 |
_cLIB _dJUS _fJUS _2ddc _n |
||
| 999 |
_c3129 _d3129 |
||